| 000 -CABECERA |
| campo de control de longitud fija |
00857nam a2200253 4500 |
| 005 - FECHA Y HORA DE LA ÚLTIMA TRANSACCIÓN |
| campo de control |
20210529025614.0 |
| 008 - DATOS DE LONGITUD FIJA--INFORMACIÓN GENERAL |
| campo de control de longitud fija |
210529s1991 pe |||fr|||| 001 0 spa d |
| 040 ## - FUENTE DE LA CATALOGACIÓN |
| Centro catalogador/agencia de origen |
CENDOC CAAAP |
| Lengua de catalogación |
spa |
| Centro/agencia transcriptor |
CAAAP |
| 041 ## - CÓDIGO DE LENGUA |
| Código de lengua del texto/banda sonora o título independiente |
spa |
| 050 ## - SIGNATURA TOPOGRÁFICA DE LA BIBLIOTECA DEL CONGRESO |
| Número de clasificación |
FP 360S |
| Número de documento/Ítem |
R74 |
| 100 1# - ENTRADA PRINCIPAL--NOMBRE DE PERSONA |
| 9 (RLIN) |
3126 |
| Nombre personal |
Rodriguez R., Elizado |
| 500 ## - NOTA GENERAL |
| Nota general |
Libro fotocopiado |
| 245 ## - MENCIÓN DE TÍTULO |
| Título |
Satipo y la real historia de los colonos fundadores / |
| Mención de responsabilidad, etc. |
Elizado Rodriguez R. |
| 250 ## - MENCIÓN DE EDICIÓN |
| Mención de edición |
1ra ed. |
| 260 ## - PUBLICACIÓN, DISTRIBUCIÓN, ETC. |
| Lugar de publicación, distribución, etc. |
Satipo, |
| Fecha de publicación, distribución, etc. |
1991 |
| 300 ## - DESCRIPCIÓN FÍSICA |
| Extensión |
189 p. |
| 505 ## - NOTA DE CONTENIDO CON FORMATO |
| Nota de contenido con formato |
Contiene : Época del virreinato --Satipo en la Emancipación -- Satipo en la época republicana -- Satipo en la carretera republicana. |
| 650 10 - PUNTO DE ACCESO ADICIONAL DE MATERIA--TÉRMINO DE MATERIA |
| 9 (RLIN) |
8 |
| Término de materia o nombre geográfico como elemento de entrada |
Historia |
| 650 20 - PUNTO DE ACCESO ADICIONAL DE MATERIA--TÉRMINO DE MATERIA |
| 9 (RLIN) |
244 |
| Término de materia o nombre geográfico como elemento de entrada |
Colonialismo |
| 650 20 - PUNTO DE ACCESO ADICIONAL DE MATERIA--TÉRMINO DE MATERIA |
| 9 (RLIN) |
1678 |
| Término de materia o nombre geográfico como elemento de entrada |
Gobierno Local |
| 650 20 - PUNTO DE ACCESO ADICIONAL DE MATERIA--TÉRMINO DE MATERIA |
| 9 (RLIN) |
936 |
| Término de materia o nombre geográfico como elemento de entrada |
Infraestructura del Transporte |
| 651 10 - PUNTO DE ACCESO ADICIONAL DE MATERIA--NOMBRE GEOGRÁFICO |
| 9 (RLIN) |
3127 |
| Nombre geográfico |
Satipo |
| Subdivisión geográfica |
Junín, Perú |
| 942 ## - ELEMENTOS PERSONALIZADOS KOHA |
| Fuente del sistema de clasificación o colocación |
|
| Fecha de catalogación |
29 - 05 - 21 |
| Tipo de ítem Koha |
Libros |